Politics and society in the developing world
Saved in:
| Main Author: | |
|---|---|
| Format: | Book |
| Language: | English |
| Published: |
London :
Routledge,
c2000
|
| Edition: | 2nd ed. |
| Subjects: | |
| Tags: |
Add Tag
No Tags, Be the first to tag this record!
|
MARC
| LEADER | 00000nam a2200000 i 4500 | ||
|---|---|---|---|
| 001 | 1/5074 | ||
| 008 | 000602s2000 eng d | ||
| 020 | |a 0-415-21234-0 | ||
| 035 | |l 10061457 | ||
| 040 | |a GR-MY-UA |b gre |e aacr | ||
| 041 | 0 | |a eng | |
| 082 | 0 | |a 306.2091724 | |
| 100 | 1 | |a Kamrave, Mehran |d 1964- | |
| 245 | 1 | 0 | |a Politics and society in the developing world / |c Mehran Kamrava |
| 250 | |a 2nd ed. | ||
| 260 | |a London : |b Routledge, |c c2000 | ||
| 300 | |a xiii, 238 σ.; |c 25 εκ. | ||
| 500 | |a Rev., updated ed. of: Politics and society in the Third World, 1993 | ||
| 504 | |a Περιέχει βιβλιογραφικές παραπομπές (σ. [214]-228) και ευρετήριο | ||
| 651 | 0 | |a Developing countries |x Politics and government. | |
| 651 | 0 | |a Developing countries |x Social conditions. | |
| 651 | 0 | |a Developing countries |x Economic conditions. | |
| 852 | |a INST |b LESVOS |e 20000602 |h 306.2091724 KAM |p 005100026461 |q 005100026461 |t BK |y 0 | ||
| 901 | |a BIBL1-2000-2 | ||
| 909 | |a Λ |b 080141 | ||
| 922 | |a 1ΕΛΗ |b 200005 |c ΚΠΣ/ΤΓ |d LEADER | ||
| 950 | |a 118-1999-09-20 | ||
| 970 | |a ΤΖΑΦΕΡΗ |b ΕΥΑΓΓΕΛΙΑ |z 2000/06/07 | ||